| 000 | 02268cam a2200241 i 4500 | ||
|---|---|---|---|
| 999 |
_c57469 _d57469 |
||
| 001 | 18673075 | ||
| 005 | 20221107104251.0 | ||
| 008 | 150623s2016 paua b 001 0 eng | ||
| 010 | _a 2015025018 | ||
| 020 | _a9780323280464 (hardcover : alk. paper) 1 | ||
| 041 | _aeng | ||
| 080 | _a616+615 B-84 | ||
| 245 | 0 | 0 |
_aBraddom's physical medicine & rehabilitation / _cedited by David X. Cifu ; associate editors, Darryl L. Kaelin, University of Louisville Endowed Chair of Stroke and Brain Injury Rehabilitation, Chief, Division of Physical Medicine and Rehabilitation, Director, Physical Medicine and Rehabilitation Residency Program, Department of Neurological Surgery, University of Louisville School of Medicine, Frazier Rehab Institute/Jewish Hospital, Neuroscience Collaborative Center, Louisville, Kentucky, Karen J. Kowalske, Professor, Physical Medicine and Rehabilitation, University of Texas Southwestern Medical Center, Dallas, Texas, Henry L. Lew, Professor, Physical Medicine and Rehabilitation, Virginia Commonwealth University School of Medicine, Richmond, Virginia, Professor, Communication Science and Disorders, University of Hawaii School of Medicine, Honolulu, Hawaii, Michelle A. Miller, MD, Clinical Assistant Professor, Departments of Physical Medicine and Rehabilitation, The Ohio State University Wexner Medical Center, Section Chief, Pediatric Physical Medicine and Rehabilitation, Nationwide Children's Hospital, Columbus, Ohio, Kristjan T. Ragnarsson, MD, Lucy G. Moses Professor and Chairman, Department of Rehabilitation Medicine, Icahn School of Medicine at Mount Sinai, New York, New York, Gregory Worsowicz, MD, MBA, Professor of Clinical Physical Medicine and Rehabilitation, University of Missouri School of Medicine, Columbia, Missouri. |
| 246 | 1 | _aBraddom's physical medicine and rehabilitation | |
| 250 | _aFifth edition. | ||
| 264 | 1 |
_aPhiladelphia, PA : _bElsevier, _c[2016] |
|
| 300 |
_axxiii, 1204 pages : _billustrations (some color) ; _c29 cm. |
||
| 336 |
_atext _2rdacontent |
||
| 650 | 2 | 2 |
_aRehabilitation _xmethods. _98417 |
| 653 | _aფიზიკური მედიცინა და რეაბილიტაცია | ||
| 700 | 1 |
_aCifu, David X., _eრედაქტორი _98759 |
|
| 942 |
_2udc _cBK |
||